| 000 | 00888nam a22002177a 4500 | ||
|---|---|---|---|
| 003 | OSt | ||
| 005 | 20231016120250.0 | ||
| 008 | 221216b ||||| |||| 00| 0 eng d | ||
| 040 |
_aKABLIB _cKABLIB |
||
| 082 |
_223 _a348.096761 _bHIG |
||
| 245 |
_aThe High Court Bulletin : _b(a digest of judgement and order of the supreme court of uganda, the court of appeal of uganda, the constitutional court of uganda and the high court of uganda) cited: [2007] H.C.B vol.1 / _cedited by Didas Bakunzi Mufasha, Rose kawesa Nalule. |
||
| 260 |
_aKampala : _bThe Law Development Centre. _cc2007. |
||
| 300 |
_axxxvii, 123p. ; _c29cm |
||
| 650 |
_aJudgement and orders _911954 |
||
| 650 |
_aCourt of appeal _911939 |
||
| 650 |
_aSupreme court _911940 |
||
| 650 |
_aHigh court _911957 |
||
| 700 |
_aMufasha, Didas Bakunzi _911942 |
||
| 700 |
_aNalule , Rose kawesa _911943 |
||
| 942 |
_2ddc _cCOURT BULL |
||
| 999 |
_c4565 _d4565 |
||